000 01240nam a2200301 c 4500
003 BLK
005 20230929152006.0
008 180408b bul|||||r ||||||| ||bul||
020 _a954-507-103-6
040 _aBLK
041 _aBUL
_cBUL
080 _aДруги видове терапия. Биоенерготерапия.
_b615.85
_x(035)
_z615.85(035)
100 1 _aСимонсон, Барбара
_eпърви автор
_9120633
245 1 0 _aРейки
_bОснови, философия и практика
_cБарбара Симонсон ; прев. от нем. Жана Ценова
260 _bГуторанов и син
_c2002
_9209514
_aСофия
_n978-954-507-
300 _a256 с.
_bс ил.
_c22 см
380 _a61
500 _aОриг. загл. Das authentische reiki / Barbara Simonsohn Свържи с N 3081 на Бълг. книгопис, 1998 - липсва в РБЛК.
650 4 _aБиоенерготерапия
_9148661
653 _aрейки
653 _aбиоенерготерапия
653 _aнаръчници
700 _aЦенова, Жана Ангелова
_eпрев.
_9365890
856 4 _qpdf
856 4 _qpdf
942 _cKNG
_n0
_09
999 _c495865
_d495865
999 _d53159
944 _a30545
_cНора Радева
_k30545
_lНора Радева